[Event "Mittelfranken Landesliga Nord 2223"]
[Site "Mittelfranken"]
[Date "2023.04.23"]
[Round "9.7"]
[White "Felme, Patrick"]
[Black "Stoeckl, Stephan"]
[Result "0-1"]
[WhiteElo "1772"]
[BlackElo "1965"]
[PlyCount "64"]
[EventDate "2022.10.09"]
[EventType "team-tourn"]
[EventRounds "9"]
[EventCountry "GER"]
[SourceTitle "EXT 2024"]
[Source "ChessBase"]
[SourceDate "2023.10.10"]
[SourceVersion "1"]
[SourceVersionDate "2023.10.10"]
[SourceQuality "1"]
[WhiteTeam "Altensittenbach"]
[BlackTeam "Schwandorf"]
[WhiteTeamCountry "GER"]
[BlackTeamCountry "GER"]

1. e4 c5 2. b4 cxb4 3. a3 e6 4. d4 d5 5. exd5 Qxd5 6. Nf3 Nf6 7. axb4 Bxb4+ 8. c3 Be7 9. Na3 0-0 10. Nb5 Na6 11. Be2 Qd8 12. Bf4 Nd5 13. Bd2 Bd7 14. 0-0 Bc6 15. Ne5 Be8 16. f4 Ndc7 17. Nxc7 Nxc7 18. Bf3 Nd5 19. Kh1 b5 20. Qe2 a5 21. Be4 f5 22. Bd3 Rb8 23. g4 b4 24. c4 Nc3 25. Bxc3 bxc3 26. gxf5 Qxd4 27. fxe6 Rb2 28. Qf3 Bd6 29. Qh3 g6 30. e7 Rxf4 31. Qe6+ Kg7 32. Rxf4 Qxf4 0-1

[Event "Regionalliga NO 1516"]
[Site "Bayern"]
[Date "2016.01.31"]
[Round "6.8"]
[White "Rhein, Thomas"]
[Black "Felme, Patrick"]
[Result "1-0"]
[WhiteElo "1905"]
[BlackElo "1647"]
[PlyCount "79"]
[EventDate "2015.10.11"]
[EventType "team-tourn"]
[EventRounds "9"]
[EventCountry "GER"]
[SourceTitle "EXT 2018"]
[Source "ChessBase"]
[SourceDate "2017.10.13"]
[SourceVersion "1"]
[SourceVersionDate "2017.10.13"]
[SourceQuality "1"]
[WhiteTeam "Nuernberg Sued SW II"]
[BlackTeam "Altensittenbach"]
[WhiteTeamCountry "GER"]
[BlackTeamCountry "GER"]

1. d4 Nf6 2. Nf3 g6 3. c4 Bg7 4. Nc3 d5 5. e3 0-0 6. Qb3 c6 7. Be2 dxc4 8. Bxc4 Qc7 9. 0-0 Nbd7 10. e4 Nb6 11. Be2 Bg4 12. h3 Be6 13. Qc2 Rac8 14. Rd1 Rfd8 15. Be3 Bc4 16. Rac1 Bxe2 17. Qxe2 e6 18. b3 Qe7 19. Bg5 h6 20. Bh4 g5 21. Bg3 Nh5 22. Be5 Nf4 23. Qe3 Ng6 24. Bxg7 Kxg7 25. Re1 e5 26. Ne2 f6 27. Ng3 Qe6 28. Nf5+ Kh7 29. h4 Rg8 30. hxg5 hxg5 31. dxe5 Nxe5 32. N3d4 Qd7 33. Rcd1 Rg6 34. Qh3+ Kg8 35. Nh6+ Kh7 36. Ndf5 Qc7 37. Rd6 Re8 38. Ng4+ Kg8 39. Nxf6+ Rxf6 40. Rxf6 1-0

[Event "Regionalliga NO 1314"]
[Site "Bayern"]
[Date "2014.01.19"]
[Round "5.8"]
[White "Felme, Patrick"]
[Black "Ziemann, Ulrich"]
[Result "0-1"]
[WhiteElo "1527"]
[BlackElo "1753"]
[PlyCount "136"]
[EventDate "2013.10.13"]
[EventType "team-tourn"]
[EventRounds "9"]
[EventCountry "GER"]
[SourceTitle "EXT 2015"]
[Source "ChessBase"]
[SourceDate "2014.11.20"]
[SourceVersion "1"]
[SourceVersionDate "2014.11.20"]
[SourceQuality "1"]
[WhiteTeam "Altensittenbach"]
[BlackTeam "Bad Koetzting"]
[WhiteTeamCountry "GER"]
[BlackTeamCountry "GER"]

1. e4 e5 2. Nf3 Nc6 3. d4 exd4 4. Bc4 Nf6 5. 0-0 d6 6. Nxd4 Ne5 7. Bb3 c5 8. Ba4+ Bd7 9. Bxd7+ Qxd7 10. Nb3 Be7 11. f4 Ng6 12. Nc3 0-0 13. Qe2 Rfe8 14. Be3 Rad8 15. Rad1 Qc8 16. h3 Bf8 17. Nd2 a6 18. a4 Qc6 19. f5 Ne5 20. Bf4 Nfd7 21. Nf3 g6 22. g4 Bg7 23. Nxe5 Nxe5 24. Bg5 f6 25. Bd2 g5 26. Rde1 h6 27. b3 Rb8 28. Nd5 b5 29. axb5 axb5 30. c4 bxc4 31. bxc4 Rb2 32. Rb1 Rxb1 33. Rxb1 Kh8 34. Rb6 Qa4 35. Ne3 Qa1+ 36. Kg2 Qd4 37. Rb3 Qxe4+ 38. Kf1 Qh1+ 39. Kf2 Qxh3 40. Rc3 Qh2+ 41. Ng2 Ra8 42. Be1 Nxg4+ 43. Qxg4 Ra2+ 44. Kf3 h5 45. Qg3 g4+ 46. Kf4 Rxg2 47. Qxh2 Rxh2 48. Kg3 Rh3+ 49. Kg2 Rxc3 50. Bxc3 h4 51. Be1 g3 52. Kh3 Bh6 53. Kxh4 Bf4 54. Bxg3 Bxg3+ 55. Kxg3 Kg7 56. Kf4 Kf7 57. Kf3 Ke7 58. Ke3 Kd7 59. Ke4 Kc6 60. Kd3 d5 61. Kc3 dxc4 62. Kxc4 Kd6 63. Kd3 Ke5 64. Ke3 Kxf5 65. Kd3 Kg5 66. Kc4 f5 67. Kxc5 f4 68. Kd4 Kg4 0-1